1108 1070 1953 1330 1395 1136 1981 1497 1686 1612 1773 1092 1007 1830 1880 1409 1823 1532 1906 1579 1524 1964 1115 1273 1762 1523 1265 1042 1097 1572 1705 1967 1461 1303 1361 1667 1597 1390 1089 1513 1548 1385 1651 1087 1300 1727 1641 1533 1191 1468 1718 1439 1766 1028 1493 1706 1578 1856 1519 1978 1602 1825 1397 1345 1193 1141 1949 1227 1409 1569 1798 1944 1367 1604 1742 1706 1286 1587 1888 1272 1745 1994 1994 1407 1477 1305 1252 1650 1048 1506 1835 1134 1741 1805 1653 1711 1489 1090 1925 BCNSPRNW ULIB Ver.6.0+V

เปลี่ยนเป็นภาษาไทย

Change to English
 แสดงรายละเอียดบรรณานุกรม
  กลับหน้าหลัก

Brief Record : Get Marc (ISO 2709) : E-mail record : QR code < ปิดหน้าต่าง
LEADER : 00000nam 2200000uu 4500
001    13399126907
003     ULIB
008    020711s2562 th a 000 0 tha d
020    ^a9786164220379
060    ^aWW100^bB311
100    ^aอรวสี จตุทอง :บรรณาธิการ และคณะ
245    ^aBASIC OPHTHALMOLOGY=จักษุวิทยาเบื้องต้น
250    ^aพิมพ์ครั้งที่ 1
260    ^aกรุงเทพฯ :^bโครงการตำราวิทยาลัยแพทยศาสตร์พระมงกุฎเกล้า,^c2562
300    ^a272 หน้า;^b26 ซม.
650    ^aOPHTHALMOLOGY
945    ^p450^l0^i005766
945    ^p450^l0^i005767
945    ^p450^l0^i005765
945    ^p450^l0^i005764
945    ^p450^l0^i005763
999    ^aประนอม เกษจรัล
รายการนี้ยังไม่มีแท็ก
คุณยังไม่ได้ล็อกอิน คุณสามารถมีกิจกรรมร่วมกับเว็บไซต์ได้ แต่ต้องล็อกอินก่อน ::
  ล็อกอิน

รายการสื่อสารสนเทศ

ลำดับที่ ประเภท เลขเรียก/บาร์โค้ด สถานที่ สถานะ
1. วิทยาศาสตร์การแพทย์ และสุขภาพ
หนังสือสำรอง
สถานะ=หนังสือสำรอง
WW100 B311 ฉ.1 
  Barcode: 005763
ห้องสมุดวิทยาเขตสวรรค์ประชารักษ์
►หนังสือทั่วไป
บนชั้น
2. วิทยาศาสตร์การแพทย์ และสุขภาพ
วิทยาศาสตร์การแพทย์ และสุขภาพ
WW100 B311 ฉ.2 
  Barcode: 005764
ห้องสมุดวิทยาเขตสวรรค์ประชารักษ์
►หนังสือทั่วไป
บนชั้น
3. วิทยาศาสตร์การแพทย์ และสุขภาพ
วิทยาศาสตร์การแพทย์ และสุขภาพ
WW100 B311 ฉ.3 
  Barcode: 005765
ห้องสมุดวิทยาเขตสวรรค์ประชารักษ์
►หนังสือทั่วไป
บนชั้น
4. วิทยาศาสตร์การแพทย์ และสุขภาพ
วิทยาศาสตร์การแพทย์ และสุขภาพ
WW100 B311 ฉ.4 
  Barcode: 005766
ห้องสมุดวิทยาเขตสวรรค์ประชารักษ์
►หนังสือทั่วไป
ถูกยืม กำหนดส่งวันที่ 15 พฤษภาคม 2569
  จอง
5. วิทยาศาสตร์การแพทย์ และสุขภาพ
วิทยาศาสตร์การแพทย์ และสุขภาพ
WW100 B311 ฉ.5 
  Barcode: 005767
ห้องสมุดวิทยาเขตสวรรค์ประชารักษ์
►หนังสือทั่วไป
บนชั้น

รายการใกล้เคียง
    ชื่อเรื่อง [BASIC OPHTHALMOLOGY=จักษุวิทยาเบื้องต้น]

    ผู้แต่ง [อรวสี จตุทอง :บรรณาธิการ และคณะ]

    หัวเรื่อง [OPHTHALMOLOGY]

BibComment


ยังไม่เคยถูกคอมเมนท์

คอมเมนท์ทรัพยากรรายการนี้
  คอมเมนท์: BASIC OPHTHALMOL..


 Copyright 2026. Bcnsprnw @Library